Statistiken für Sprachen auf denen Rumänien beim ESC gesungen hat

Klicken Sie hier um das Quiz zu spielen!

Allgemein

  • Dieses Quiz wurde 56 mal gespielt
  • Das Durchschnittsergebnis liegt bei 5 aus 6

Antwortstatistiken

AnzahlSprache% Korrekt
20Englisch
100%
6Rumänisch
100%
1Russisch
83%
2Spanisch
83%
1Französisch
76%
3Italienisch
72%

Verteilung der Resultate

Perzentil nach korrekt beantworteten Fragen

Anzahl Personen mit jedem Resultat

Ihre Resultats-Entwicklung

Sie haben dieses Quiz noch nicht gespielt